Best Colleges in Los Angeles Area - Statistics

General Stats
  • This quiz has been taken 42 times
  • The average score is 7 of 12
Answer Stats
Description Location Name % Correct
National Universities, #15 Los Angeles, CA University of California, Los Angeles
97%
National Universities, #28 Los Angeles, CA University of Southern California
97%
National Universities, #33 Irvine, CA University of California, Irvine
82%
National Universities, #7 Pasadena, CA California Institute of Technology
74%
Liberal Arts Colleges, #4 Claremont, CA Pomona College
64%
Liberal Arts Colleges, #11 Claremont, CA Claremont McKenna College
59%
National Universities, #76 Malibu, CA Pepperdine University
59%
Liberal Arts Colleges, #16 Claremont, CA Harvey Mudd College
51%
Liberal Arts Colleges, #35 Claremont, CA Scripps College
36%
National Universities, #93 Los Angeles, CA Loyola Marymount University
33%
Liberal Arts Colleges, #35 Los Angeles, CA Occidental College
31%
Liberal Arts Colleges, #39 Claremont, CA Pitzer College
31%
No matching quizzes found
Score Distribution
Percent of People with Each Score
Percentile by Number Answered
Your Score History
You have not taken this quiz